Statistiken für Grand Slam Sieger seit 2000

Klicken Sie hier um das Quiz zu spielen!

Allgemein

  • Dieses Quiz wurde 68 mal gespielt
  • Das Durchschnittsergebnis liegt bei 10 aus 21

Antwortstatistiken

AntwortAnzahl nach 2000Nation% Korrekt
Novak Djokovic24SRB
100%
Roger Federer20SUI
100%
Rafael Nadal22ESP
95%
Andy Murray3GBR
71%
Dominic Thiem1AUT
59%
Andre Agassi3USA
57%
Stan Wawrinka3SUI
57%
Carlos Alcaraz2ESP
52%
Daniil Medwedew1RUS
48%
Juan Martín del Potro1ARG
41%
Lleyton Hewitt2AUS
41%
Marin Čilić1CRO
40%
Pete Sampras2USA
40%
Andy Roddick1USA
37%
Gustavo Kuerten2BRA
27%
Marat Safin2RUS
24%
Goran Ivanišević1CRO
22%
Juan Carlos Ferrero1ESP
17%
Thomas Johansson1SWE
10%
Gaston Gaudio1ARG
8%
Albert Costa1ESP
6%

Verteilung der Resultate

Perzentil nach korrekt beantworteten Fragen

Anzahl Personen mit jedem Resultat

Ihre Resultats-Entwicklung

Sie haben dieses Quiz noch nicht gespielt